Obsahové vymedzenie, oceňovanie a účtovné zobrazenie dlhodobého hmotného majetku bakalárska práca

Uložené v:
Podrobná bibliografia
Hlavný autor: Čížová, Petra
Korporativný autor: Fakulta hospodárskej informatiky EU. Katedra účtovníctva a audítorstva
Ďalší autori: Mokošová, Daša, 1979-
Médium: Kniha
Jazyk:Slovak
Vydavateľské údaje: Bratislava 2009
Tagy: Pridať tag
Žiadne tagy, Buďte prvý, kto otaguje tento záznam!

MARC

LEADER 00000nam$a2200000$$$4500
001 0103721
005 20240318134749.7
041 0 |a slo 
044 |a SK 
245 1 0 |a Obsahové vymedzenie, oceňovanie a účtovné zobrazenie dlhodobého hmotného majetku  |b bakalárska práca  |c Petra Čížová ; škol. Daša Mokošová 
264 1 |a Bratislava  |c 2009 
300 |a 30 s. 
100 1 |a Čížová, Petra 
700 1 |a Mokošová, Daša, 1979- 
710 2 |a Fakulta hospodárskej informatiky EU. Katedra účtovníctva a audítorstva